000 00656nam a22001817a 4500
005 20120130131337.0
008 120130t xxu||||| |||| 00| 0 eng d
020 _c40.00
035 _aA-903517
040 _aDPL
_bENG
100 _aSharma, K. K.
_940381
245 _aA to Z elementary statistics :
_bFor class XI /
_cby K. K. Sharma
250 _a2nd ed.
_b1998
260 _aMeerut
_bKrishna Prakashan Media (p) Ltd.
_c1998
300 _avarious pages
_c24 cms.
942 _2ddc
_cEN
_h001.422
_mSHA
999 _c61674
_d61674